000 00588nam a2200193 i 4500
001 36596
003 ES-MaACL
005 20250804072405.0
007 t|
008 030218s1981 sp ||||1| spa d
100 1 _aBryce Echenique, Alfredo.
_932256
245 1 0 _aCuentos completos /
_cAlfredo Bryce Echenique.
260 _aMadrid :
_bAlianza,
_c[1981]
300 _a308 p. ;
_c18 cm.
490 1 _ael libro de bolsillo. Literatura ;
_v864
830 0 3 _aEl libro de bolsillo.
_pLiteratura
_v864
_9180913
852 _aES-MaACL
_jL-2361
_bR.102776
999 _c36596
_d36596